Normal view
MARC view
- Shahian, Bahram, .Jr,. Savant. J Clement, Hostetter,. H Gene
Entry Corporate Name
001 - CONTROL NUMBER
- control field: 124128
003 - CONTROL NUMBER IDENTIFIER
- control field: NUST
005 - DATE AND TIME OF LATEST TRANSACTION
- control field: 20240706114330.0
008 - FIXED-LENGTH DATA ELEMENTS
- fixed length control field: 240706|| aca||aabn | a|a d
040 ## - CATALOGING SOURCE
- Original cataloging agency: NUST
- Transcribing agency: NUST
110 ## - HEADING--CORPORATE NAME
- Corporate name or jurisdiction name as entry element: Shahian, Bahram, .Jr,. Savant. J Clement, Hostetter,. H Gene
670 ## - SOURCE DATA FOUND
- Source citation: Work cat.: (NUST): Stefani,. T Raymond 114030, Design of Feedback Control System, 2002.
